[Event "37th Belgrade Trophy 2024"]
[Site "Belgrade"]
[Date "2024.11.30"]
[Round "8.4"]
[White "Martic, Ivan"]
[Black "Atalik, Suat"]
[Result "1-0"]
[WhiteElo "2261"]
[BlackElo "2420"]
[Annotator "TA"]
[PlyCount "139"]
[EventDate "2024.11.23"]
[EventCountry "SRB"]
[SourceTitle "playchess.com"]
[Source "ChessBase"]
[SourceQuality "1"]
[TimeControl "40/5400+30:900+30"]

{[%evp 14,139,19,19,22,12,14,-99,34,24,32,12,15,10,29,29,33,17,37,18,32,33,32,23,50,36,37,31,38,35,34,21,42,36,40,35,51,35,82,24,23,20,249,258,251,239,292,314,396,385,976,854,814,808,744,641,616,476,452,235,410,405,380,262,257,212,228,260,258,247,367,341,1778,1656,1373,1257,5206,237,348,356,277,306,243,101,145,124,162,135,217,133,131,72,242,241,254,226,264,212,218,224,207,202,167,19,818,793,794,768,1582,1539,2018,1912,29979,29971,29972,29973,29973,29974,29973,29975,29974,29975,29976,29977,29976,29974,29970,29969]} 1. e4 {[%emt 0:05:06]} e5 {[%emt 0:00:17]} 2. Bc4 {[%emt 0:00:08]} Nf6 {[%emt 0:01:11]} 3. d3 {[%emt 0:00:11]} Nc6 {[%emt 0:00:53]} 4. Nc3 {[%emt 0:00:23]} Na5 {[%emt 0:02:59]} 5. Bb3 {[%emt 0:00:25]} Bc5 {[%emt 0:03:18]} 6. f4 {[%emt 0:01:52]} Nxb3 {[%emt 0:04:29]} 7. axb3 {[%emt 0:00:06]} d6 {[%emt 0:05:31]} 8. Nf3 {[%emt 0:00:13]} a6 {[%emt 0:02:13]} 9. Qe2 {[%emt 0:00:30]} Bg4 {[%emt 0:02:28]} 10. h3 {[%emt 0:04:49]} (10. fxe5 $11 {keeps the balance.} dxe5 11. Be3 Bxf3 12. gxf3) 10... Bxf3 {[%emt 0:00:19]} ({Better is} 10... Nh5 $1 $17 {[%cal Rh5g3] Hoping for ...Ng3.} 11. hxg4 Ng3 (11... Nxf4 $2 12. Bxf4 exf4 13. O-O-O $18)) 11. Qxf3 $14 {[%emt 0:00:05]} Nd7 {[%emt 0:01:17]} 12. f5 {[%emt 0:02:41]} c6 {[%emt 0:01:47]} 13. Bd2 {[%emt 0:00:51]} b5 {[%emt 0:01:05]} 14. Qg4 {[%emt 0:09:47]} Rg8 {[%emt 0:03:10]} 15. Rf1 {[%emt 0:03:28]} Bb4 {[%emt 0:04:22]} 16. Qh5 {[%emt 0:10:59]} h6 {[%emt 0:05:02]} 17. Qf3 {[%emt 0:00:59]} a5 {[%emt 0:06:00]} 18. g4 {[%emt 0:08:02]} Bxc3 {[%emt 0:09:28]} 19. bxc3 {[%emt 0:02:55]} a4 {[%emt 0:00:32]} 20. bxa4 {[%emt 0:02:49]} Rxa4 {[%emt 0:01:43]} 21. Rxa4 {[%emt 0:03:23]} bxa4 {[%emt 0:00:06]} 22. Ke2 {[%emt 0:00:34]} Qa8 {[%emt 0:04:36]} 23. Ra1 {[%emt 0:01:24]} Nf6 {[%emt 0:01:41]} 24. h4 {[%emt 0:02:12]} Rh8 {[%emt 0:00:36]} 25. Qg2 {[%emt 0:04:09]} h5 {[%emt 0:01:21]} (25... c5 $14) 26. g5 {[%emt 0:01:45]} (26. gxh5 $1 $16 Nxh5 27. Qg1) 26... Ng4 $11 {[%emt 0:01:55]} 27. Qg1 $36 {[%emt 0:00:39][%mdl 2048] White has some pressure.} Kd7 $2 {[%emt 0:08:28]} (27... Qa6 $1 $11 {and Black is okay.}) 28. Qb6 $18 {[%emt 0:01:14]} Rc8 {[%emt 0:00:14]} 29. c4 {[%emt 0:08:35]} Rc7 {[%emt 0:00:08]} (29... Rb8 30. Rxa4 Rxb6 31. Rxa8 $18) 30. c5 $1 {[%emt 0:01:48]} dxc5 {[%emt 0:12:05]} 31. Qxc5 {[%emt 0:04:13]} Rb7 $2 {[%emt 0:00:59]} (31... Qa7 32. Bb4 Qxc5 33. Bxc5 g6 34. Rxa4 Rc8 35. Ra7+ Rc7) 32. Bb4 {[%emt 0:02:43]} Rxb4 {[%emt 0:00:20]} 33. Qxb4 {[%emt 0:00:22][%mdl 4096] Endgame KQR-KQN} Qa7 {[%emt 0:00:04]} 34. d4 {[%emt 0:01:56]} (34. Rxa4 $2 Qe3+ 35. Kf1 Qf2#) 34... exd4 {[%emt 0:00:15][%cal Od4d3]} 35. Ra3 {[%emt 0:02:55]} (35. Rxa4 $2 d3+ 36. Kd2 (36. Kxd3 $2 Qe3+ 37. Kc4 Ne5#) (36. cxd3 $2 Qf2+ 37. Kd1 Ne3+ 38. Kc1 Qc2#) 36... Qf2+ (36... Qe3+ $2 37. Kc3 $19) 37. Kc3 (37. Kxd3 $2 Qe3+ 38. Kc4 Ne5#) 37... Qxc2+ 38. Kd4 c5+ 39. Qxc5 Qxa4+ $19) 35... Ke8 {[%emt 0:02:40][%cal Od4d3]} 36. Rd3 {[%emt 0:04:24]} (36. Qxa4 d3+ 37. Kxd3 Qe3+ 38. Kc4 Ne5+ 39. Kb4 Qxe4+ 40. Kc3 Qxf5 $16) (36. Kd2 $142 d3 37. Kc1 (37. Rxd3 Ne5 $18) (37. cxd3 Qf2+ 38. Kc1 Qf1+ 39. Kb2 Qe2+ 40. Kb1 Ne3 $18)) 36... c5 $2 {[%emt 0:00:34]} (36... Qc7) 37. Qb5+ {[%emt 0:01:04]} Ke7 {[%emt 0:01:57]} 38. Ra3 {[%emt 0:01:33]} Qc7 {[%emt 0:00:22]} 39. Kd1 {[%emt 0:01:54]} Nf2+ {[%emt 0:02:06]} 40. Ke1 {[%emt 0:02:23]} Nxe4 {[%emt 0:01:52]} 41. Qxa4 {[%emt 0:15:59]} Nd6 {[%emt 0:20:04]} (41... Nc3 $142 42. Qa7 Nb5 43. Qxc7+ Nxc7) 42. Qa8 {[%emt 0:00:46]} Nb5 $2 {[%emt 0:03:07] Prevents Ra7} (42... Nb7 43. Kd1 Qc6) 43. Qe4+ {[%emt 0:01:08]} Kd7 {[%emt 0:00:17]} 44. Qd5+ {[%emt 0:00:59]} Ke7 {[%emt 0:00:00]} 45. Rf3 $2 {[%emt 0:00:00]} (45. g6 Nxa3 46. Qxf7+ Kd8 47. Qg8+ Kd7 48. Qxg7+ Kd8 49. Qxc7+ (49. Qg8+ Ke7 $18) 49... Kxc7 50. g7 Nxc2+ 51. Kd2) 45... Nc3 {[%emt 0:00:00]} (45... Qd6 {was necessary.} 46. f6+ gxf6 47. Qxd6+ (47. gxf6+ Ke8 $18) 47... Nxd6) 46. f6+ {[%emt 0:00:00]} gxf6 {[%emt 0:00:00]} 47. gxf6+ {[%emt 0:00:00]} Ke8 {[%emt 0:00:00]} 48. Qg5 {[%emt 0:00:00]} (48. Qxh5 $18 {is the precise move to win. Strongly threatening Kf1.} Qh2 49. Rxc3 (49. Qxc5 $2 Qe2#) 49... Qh1+ 50. Ke2 Qe4+ 51. Kf2 dxc3 52. Qe2 (52. Qxc5 Qxc2+ 53. Ke3 Qd2+ 54. Ke4 Qg2+ 55. Kd3 Qg6+ 56. Kxc3 Qxf6+ 57. Kc2 Qg6+ 58. Kb3 Qg3+ 59. Kc2 Qxh4 $11) 52... Qxe2+ 53. Kxe2) 48... Kd7 {[%emt 0:00:00]} 49. Qxh5 {[%emt 0:00:00] White is more active.} Kc6 {[%emt 0:00:00]} 50. Rf2 $1 {[%emt 0:00:00] Inhibits Qh2.} Kb5 {[%emt 0:01:24]} (50... c4 $16) 51. Qf5 {[%emt 0:00:00]} Kb4 {[%emt 0:00:27]} 52. Qf4 {[%emt 0:00:31]} ({White should play} 52. Kf1) 52... Qb7 $2 {[%emt 0:00:28] [#]} (52... Qc8 $16) 53. Qf3 $1 {[%emt 0:01:05]} Qa6 {[%emt 0:00:29]} 54. Rg2 {[%emt 0:01:37]} c4 {[%emt 0:01:32]} 55. Rg8 {[%emt 0:00:46]} Qa1+ {[%emt 0:00:12]} 56. Kf2 {[%emt 0:00:31]} Nd1+ {[%emt 0:00:16]} 57. Kg3 {[%emt 0:00:39] White wants to mate with Rb8+.} Ne3 {[%emt 0:00:08] [#]} 58. Kh2 {[%emt 0:02:46] Wards off Qg1+} (58. Kh3 $1 $18) 58... Qe1 $2 {[%emt 0:01:33][%mdl 8192]} (58... Qa5 $11) 59. Kh3 {[%emt 0:00:05]} Kc3 {[%emt 0:02:20]} 60. h5 {[%emt 0:00:40]} Kxc2 {[%emt 0:00:34]} 61. h6 {[%emt 0:00:34]} d3 {[%emt 0:00:35]} 62. h7 {[%emt 0:00:35]} Qe2 {[%emt 0:00:52]} 63. Rg3 {[%emt 0:00:38]} (63. h8=Q $2 Qxf3+ 64. Kh2 d2 65. Qh7+ Kb2 $19 (65... Kc3 $2 66. Qb1 $19)) 63... Qxf3 {[%emt 0:00:55]} 64. Rxf3 {[%emt 0:00:05] KR-KN} d2 {[%emt 0:00:02]} 65. Rf2 $1 {[%emt 0:00:22]} (65. h8=R $2 d1=Q (65... d1=R 66. Rf8 $16) 66. Kg3 Qg1+ 67. Kf4 Kd2 $19) 65... Kd3 {[%emt 0:00:25] [#]} 66. Rxd2+ $3 {[%emt 0:00:25][%mdl 512]} Kxd2 {[%emt 0:00:05]} 67. h8=Q {[%emt 0:00:03]} (67. h8=R $2 {too greedy.} c3 68. Rd8+ Ke2 $19) 67... c3 {[%emt 0:00:05][%cal Bc4c3,Bc3c2][%mdl 32]} 68. Qd8+ {[%emt 0:00:48]} Ke2 {[%emt 0:00:07]} 69. Qc7 {[%emt 0:00:23][%csl LRc3,LRf7]} c2 {[%emt 0:01:31]} 70. Qc3 {[%emt 0:00:12]} (70. Qxf7 c1=Q 71. Qh5+ Kf2 72. Qh4+ Kf3 73. Qg3+ Ke2 74. Qh2+ Kd3 $17) 1-0

[Event "37th Belgrade Trophy 2024"]
[Site "Belgrade"]
[Date "2024.11.30"]
[Round "8.5"]
[White "Kerner, Michael"]
[Black "Stanojoski, Zvonko"]
[Result "0-1"]
[WhiteElo "2086"]
[BlackElo "2401"]
[Annotator "TA"]
[PlyCount "116"]
[EventDate "2024.11.23"]
[EventCountry "SRB"]
[SourceTitle "playchess.com"]
[Source "ChessBase"]
[SourceQuality "1"]
[TimeControl "40/5400+30:900+30"]

{[%evp 13,116,0,0,0,0,1,0,0,7,13,38,22,27,11,24,0,0,-29,0,8,8,0,31,0,57,0,0,-14,0,-31,-16,-13,-15,-17,-16,-20,-22,-49,-56,-65,-54,-59,-53,-89,-77,-90,-82,-93,-87,-90,44,39,25,36,145,9,7,-81,-47,-36,-43,-35,-76,-104,-99,-131,-127,-175,-173,-174,-166,-166,-166,-181,-198,-181,-193,-583,-268,-259,-238,-243,-262,-246,-197,-216,-180,-291,-286,-285,-294,-400,-343,-345,-108,-337,-325,-314,-291,-371,-368,-402,-395,-686,-679]} 1. e4 {[%emt 0:00:30]} c5 {[%emt 0:02:59]} 2. Nf3 {[%emt 0:00:00]} e6 {[%emt 0:00:57]} 3. Qe2 {[%emt 0:01:44]} Nc6 {[%emt 0:00:28]} 4. g3 {[%emt 0:00:09]} g6 {[%emt 0:00:27]} 5. Bg2 {[%emt 0:00:54]} Bg7 {[%emt 0:00:05]} 6. O-O {[%emt 0:02:27]} d6 {[%emt 0:00:20]} 7. c3 {[%emt 0:02:45]} Nge7 {[%emt 0:00:18]} 8. d4 {[%emt 0:04:15]} cxd4 {[%emt 0:03:03]} 9. cxd4 {[%emt 0:00:07]} Nxd4 {[%emt 0:00:25]} 10. Nxd4 {[%emt 0:00:13]} Bxd4 {[%emt 0:00:05]} 11. Bh6 {[%emt 0:00:19]} Qb6 {[%emt 0:00:44]} 12. Nc3 {[%emt 0:00:37][%mdl 1024] White has compensation.} Bd7 {[%emt 0:00:40] Inhibits Nb5.} 13. Rfd1 {[%emt 0:05:03]} Rg8 {[%emt 0:07:09]} 14. Qd2 {[%emt 0:07:01]} e5 $1 {[%emt 0:05:49]} 15. Be3 {[%emt 0:12:38]} Bg4 {[%emt 0:00:30][%cal Od4e3]} 16. Re1 {[%emt 0:12:13][%cal Bd1e1,Be1e3,Be3d3][%mdl 32]} Bxe3 {[%emt 0:05:57]} 17. Rxe3 {[%emt 0:00:44]} Rd8 {[%emt 0:00:47]} 18. Rd3 {[%emt 0:00:58]} f6 {[%emt 0:00:54]} (18... g5 $11) 19. h3 {[%emt 0:06:17]} ({Better is} 19. Qh6 $14) 19... Be6 $11 {[%emt 0:01:13]} 20. Rd1 {[%emt 0:01:17][%cal Od2h6]} Kf7 {[%emt 0:08:06]} 21. b3 {[%emt 0:04:15][%cal Od2h6]} Qb4 {[%emt 0:03:49]} (21... Kg7 {simplifies} 22. Rxd6 Qxd6 23. Qxd6 Rxd6 24. Rxd6 Kf7) 22. Qh6 {[%emt 0:02:23]} Rg7 {[%emt 0:10:53]} 23. a3 {[%emt 0:07:22]} Qb6 {[%emt 0:02:47]} (23... Qxa3 24. Nb5 Qb2 25. Nxd6+ Rxd6 26. Rxd6 Qxb3 27. Bf1 $18) (23... Qxb3 $2 24. Nd5 (24. Rxd6 $2 Rxd6 25. Rxd6 Qxc3 $19) 24... Qc2 25. Nxe7 $18) 24. b4 {[%emt 0:02:34]} Bb3 {[%emt 0:03:06]} 25. R1d2 {[%emt 0:01:16]} Kg8 {[%emt 0:04:02]} 26. h4 {[%emt 0:02:56]} Bc4 {[%emt 0:01:12]} 27. Rf3 {[%emt 0:06:26]} d5 {[%emt 0:00:39]} 28. exd5 {[%emt 0:00:07]} Nf5 $1 {[%emt 0:00:08]} (28... Nxd5 29. Bf1 Qc7 (29... Bb3 $2 30. Ne4 $18) 30. h5 $18) 29. Rxf5 {[%emt 0:00:57]} gxf5 {[%emt 0:00:02]} 30. Na4 {[%emt 0:00:44][%cal Bc3a4,Ba4c5,Bc5e6][%mdl 32]} Qd6 {[%emt 0:01:36]} 31. Nc5 {[%emt 0:00:32]} e4 {[%emt 0:02:25]} (31... f4 $1 $17 {[%cal Rf4g3]} 32. Qh5 (32. Ne4 Qb6 $14) 32... fxg3 33. fxg3 Rxg3) 32. Ne6 $14 {[%emt 0:00:51]} Rg6 {[%emt 0:00:08]} 33. Qe3 {[%emt 0:01:03]} Re8 {[%emt 0:02:01]} (33... Rc8 $14) 34. h5 {[%emt 0:02:22]} (34. Bh3 $1 $16 {[%cal Rh3f5]} Qe5 (34... Bxd5 $2 35. Nf4 $18) 35. h5) 34... Rg4 $11 {[%emt 0:02:37]} 35. Rd4 {[%emt 0:06:20]} (35. Bh3 $11 {remains equal.} Bxd5 36. Bxg4 (36. Qxa7 $2 Qxe6 37. Bxg4 fxg4 $19) (36. Nf4 Qxf4 37. Bxg4 Qxe3 $17) 36... Qxe6 37. Be2) 35... Bxd5 $17 {[%emt 0:12:38]} 36. Nf4 {[%emt 0:00:22] [#]} Rxf4 $1 {[%emt 0:00:27]} 37. gxf4 {[%emt 0:00:10]} Qc6 {[%emt 0:00:41]} 38. Bh3 {[%emt 0:02:15] [#]} Be6 $1 {[%emt 0:00:33]} 39. Qd2 {[%emt 0:01:46]} Kf7 {[%emt 0:00:52]} 40. Bf1 {[%emt 0:02:38]} (40. Kh2 $17 {was necessary.}) 40... Rg8+ $19 {[%emt 0:01:27]} 41. Kh2 {[%emt 0:03:23]} Rg4 {[%emt 0:02:43]} 42. Bh3 {[%emt 0:01:06][%cal Od4d6] aiming for Rd6!.} Rh4 {[%emt 0:02:50]} 43. Rd6 {[%emt 0:01:09]} Qc7 {[%emt 0:04:03][%cal Of7e7]} 44. Kg3 {[%emt 0:05:31]} Rxh5 {[%emt 0:00:15]} 45. Qd4 $2 {[%emt 0:01:38]} (45. Kh2) 45... Ke7 {[%emt 0:01:49]} (45... Qc1 $142 {( -> ...Qg1+)} 46. Qd1 Qxa3+ 47. f3 Qxb4) 46. Rxe6+ {[%emt 0:00:31]} Kxe6 {[%emt 0:00:03]} 47. Qxe4+ {[%emt 0:00:01][%mdl 4096] Endgame KQR-KQB} Kf7 {[%emt 0:00:48]} 48. Bxf5 {[%emt 0:02:26]} Qe7 {[%emt 0:04:18]} 49. Qd3 {[%emt 0:01:23]} Kg7 {[%emt 0:00:33]} 50. Be4 {[%emt 0:00:45]} (50. Qd1 $142 Kh6 (50... Rxf5 51. Qg4+ $11) 51. Bg4) 50... Kh8 {[%emt 0:04:37]} 51. Kg4 {[%emt 0:01:28]} Rh6 {[%emt 0:01:26] aiming for ...Qg7+.} 52. Qd5 {[%emt 0:00:52]} Qg7+ {[%emt 0:03:16]} 53. Kf3 {[%emt 0:00:02][%cal Od5d6]} Rh3+ {[%emt 0:00:07]} 54. Ke2 {[%emt 0:00:09] [#]} Qe7 $1 {[%emt 0:00:29] Wards off Qd8+} (54... Rxa3 55. Qd8+ Qg8 56. Qxf6+ (56. Qxg8+ $2 Kxg8 57. Bxb7 Ra2+ 58. Ke3 Rb2 $19) 56... Qg7 57. Qd8+ (57. Qxg7+ $2 Kxg7 58. Bd5 b6 $19) 57... Qg8 58. Qf6+ (58. Qxg8+ Kxg8 59. Bd5+ Kg7 $19) 58... Qg7 59. Qd8+ Qg8 60. Qf6+ $11) 55. f3 {[%emt 0:00:49]} Rh2+ {[%emt 0:00:16]} 56. Ke3 {[%emt 0:00:00]} Qc7 {[%emt 0:00:18]} 57. Bd3 {[%emt 0:00:56]} Rh1 {[%emt 0:02:14]} 58. Kf2 $2 {[%emt 0:01:40]} (58. Ke2) 58... Qb6+ {[%emt 0:11:26]} ({Weaker is} 58... Qxf4 59. Qd8+ Kg7 60. Qe7+ Kg8 61. Qe6+ Kf8 62. Qc8+ Ke7 63. Qxb7+ Ke6 64. Qc8+ Ke7 (64... Kf7 65. Qd7+ Kf8 66. Qd8+ Kf7 67. Qd7+ Kg8 68. Qd8+ Kf7 69. Qd7+ $11) 65. Qb7+ Ke6 66. Qc8+ Ke7 67. Qb7+ $11) 0-1

[Event "37th Belgrade Trophy 2024"]
[Site "Belgrade"]
[Date "2024.11.30"]
[Round "8.6"]
[White "Sutormin, Danila"]
[Black "Ughuzov, Ravan"]
[Result "0-1"]
[WhiteElo "2394"]
[BlackElo "2047"]
[Annotator "TA"]
[PlyCount "94"]
[EventDate "2024.11.23"]
[EventCountry "SRB"]
[SourceTitle "playchess.com"]
[Source "ChessBase"]
[SourceQuality "1"]
[TimeControl "40/5400+30:900+30"]

{[%evp 21,94,16,19,0,9,0,0,0,0,0,13,0,14,-7,9,0,0,-54,-38,-91,-91,-79,-28,-27,-26,-25,0,0,0,0,0,0,0,8,29,23,13,2,43,34,45,6,6,0,17,0,52,43,44,43,51,13,44,43,45,43,50,45,79,0,0,0,0,-8,0,0,0,-122,-117,-123,-118,-112,-126,-768,-356]} 1. e4 {[%emt 0:06:06]} e6 {[%emt 0:00:07]} 2. d4 {[%emt 0:00:08]} d5 {[%emt 0:00:05]} 3. e5 {[%emt 0:00:15]} c5 {[%emt 0:00:17]} 4. c3 {[%emt 0:00:06]} Nc6 {[%emt 0:00:05]} 5. Nf3 {[%emt 0:00:06]} Bd7 {[%emt 0:00:05]} 6. Be2 {[%emt 0:01:01]} Nge7 {[%emt 0:00:07]} 7. O-O {[%emt 0:01:13]} Ng6 {[%emt 0:00:05]} 8. Bd3 {[%emt 0:07:18]} cxd4 {[%emt 0:03:07]} 9. cxd4 {[%emt 0:00:17]} Qb6 {[%emt 0:00:28]} 10. Be2 {[%emt 0:14:18]} Be7 {[%emt 0:00:53]} 11. Nc3 {[%emt 0:00:40]} O-O {[%emt 0:00:16]} 12. Na4 {[%emt 0:15:09]} Qd8 {[%emt 0:01:37]} 13. Be3 {[%emt 0:00:15]} Qe8 {[%emt 0:02:24]} 14. Nc3 {[%emt 0:01:50]} f6 {[%emt 0:00:45]} 15. exf6 {[%emt 0:00:44]} Rxf6 {[%emt 0:00:31]} 16. g3 {[%emt 0:02:24]} Rc8 {[%emt 0:03:13]} 17. Re1 {[%emt 0:11:16]} h6 {[%emt 0:17:05]} 18. h4 {[%emt 0:03:55]} Bd6 {[%emt 0:04:57]} 19. Nh2 {[%emt 0:00:45]} (19. Rc1 $11) 19... Nge7 $15 {[%emt 0:03:31]} 20. Ng4 {[%emt 0:04:26]} (20. Bh5 $15 Qd8 21. Bg4) 20... Rf8 $17 {[%emt 0:03:18]} 21. Bd3 {[%emt 0:09:20] [#]} Kh8 {[%emt 0:07:54]} ({Better is} 21... Qf7 $1 $17 {Hoping for ...e5.} 22. Ne2 Nf5) 22. Rc1 {[%emt 0:01:21]} Qf7 {[%emt 0:03:58]} (22... Nf5 {simplifies} 23. Bxf5 Rxf5 24. f4 b6) 23. Ne2 {[%emt 0:04:15]} e5 {[%emt 0:03:20]} 24. Nxe5 $1 {[%emt 0:01:49]} Bxe5 {[%emt 0:00:16]} 25. dxe5 {[%emt 0:00:08]} Nxe5 {[%emt 0:00:30]} 26. Nf4 $1 {[%emt 0:03:35]} (26. Rxc8 $2 Nf3+ 27. Kh1 Rxc8 $19) 26... Bg4 {[%emt 0:05:04]} 27. Be2 {[%emt 0:00:27]} Rxc1 {[%emt 0:00:43]} 28. Bxc1 {[%emt 0:01:05]} Bxe2 {[%emt 0:02:01]} 29. Rxe2 {[%emt 0:02:33]} N7g6 {[%emt 0:05:36]} 30. Nxg6+ {[%emt 0:03:58]} (30. Nxd5 $2 Rd8 31. Re4 Rxd5 $19) 30... Nxg6 {[%emt 0:00:02]} 31. Qd4 {[%emt 0:00:18]} Ne7 $1 {[%emt 0:00:30]} 32. Qxa7 {[%emt 0:02:17]} (32. Bxh6 Nc6 (32... Nf5 33. Bxg7+ Kg8 34. Qxa7 $11) 33. Bxg7+ Kg8 $19) 32... Nc6 {[%emt 0:00:01]} (32... Nf5 $5 33. Bf4 d4 $11 (33... Nxh4 34. Bd6 $11)) 33. Qe3 {[%emt 0:01:27]} d4 {[%emt 0:02:14]} (33... Qf6 $11 34. Kg2 Nd4) 34. Qe6 $14 {[%emt 0:00:10]} Qh5 $1 {[%emt 0:01:12]} (34... Qf3 35. Qe4 $16) 35. Qe4 {[%emt 0:00:31]} d3 {[%emt 0:04:08]} 36. Re1 {[%emt 0:01:23]} (36. Qxd3 $5 Rd8 $8 37. Qe4 $14) 36... Rd8 {[%emt 0:00:25]} 37. Bd2 {[%emt 0:00:39]} Nd4 {[%emt 0:00:40]} 38. Kg2 {[%emt 0:00:01]} (38. Qxd3 $2 Nf3+ $19) 38... Nc2 {[%emt 0:01:03]} 39. Rc1 {[%emt 0:00:37]} Qf7 {[%emt 0:08:42]} 40. Bc3 {[%emt 0:01:48]} ({White should play} 40. Rd1 $16) 40... d2 $1 $11 {[%emt 0:08:09]} 41. Rd1 {[%emt 0:15:27]} (41. Rxc2 $2 d1=Q (41... d1=R 42. Re2 $11) 42. Re2 Qdd5 (42... Qxa2 $2 43. Qg6 $19) 43. Qxd5 Qxd5+ $19) 41... Ne1+ {[%emt 0:15:08]} 42. Kf1 {[%emt 0:00:00]} Nf3 {[%emt 0:00:00]} 43. Qf4 {[%emt 0:00:00]} Qh5 {[%emt 0:00:00]} 44. g4 {[%emt 0:00:19]} (44. a4 $11 Rd7 45. g4) 44... Qb5+ $17 {[%emt 0:00:00]} (44... Qxh4 $2 {too greedy.} 45. Qxf3 Qg5 46. Qf5 (46. Qxb7 Qxg4 47. Rxd2 Rxd2 $18) 46... Qxf5 47. gxf5 $18) 45. Kg2 {[%emt 0:00:04]} Ne1+ {[%emt 0:00:00]} 46. Kh2 {[%emt 0:01:25]} Qc6 {[%emt 0:00:00]} 47. f3 $2 {[%emt 0:00:29][%mdl 8192]} (47. Rxe1 $17 dxe1=N (47... dxe1=R 48. Bxe1 Rd1 49. Qf8+ Kh7 50. Qf5+ Kg8 51. Bc3 $15) 48. Bxe1) 47... Kg8 {[%emt 0:00:00]} (47... Nxf3+ $142 48. Kg3 Ne1 49. Rxd2 Rd3+ 50. Kf2 Rf3+ 51. Qxf3 Nxf3 52. Rd8+ Kh7) 0-1